Celebrities with Scandinavian heritage (slideshow) Quiz Stats

Quiz not verified by Sporcle

Challenge
Share
Tweet
Score 0/22 Timer 05:00
1 Play Today
% Correct
Matt Damon
97.1%
Pamela Anderson
90.8%
Björk
79%
Scarlett Johansson
78.8%
Jake Gyllenhaal
78.8%
Renée Zellweger
67.4%
Ingrid Bergman
65.6%
Viggo Mortensen
59.4%
Val Kilmer
58.4%
Michelle Williams
55.3%
Ingmar Bergman
47.3%
% Correct
Lars Ulrich
39.5%
Melanie Griffith
33.9%
David Lynch
30.4%
Alexander Skarsgård
27.4%
Lars von Trier
26.1%
Morten Andersen
14.5%
Christine Lahti
11.9%
Steven Soderbergh
11.9%
Renny Harlin
8.8%
Gunnar Hansen
6.4%
Timothy Kopra
2.9%

You're not logged in!

Compare scores with friends on all Sporcle quizzes.
Sign Up with Email
OR
Log In

You Might Also Like...

Show Comments

Extras

Top Quizzes Today


Score Distribution

Your Account Isn't Verified!

In order to create a playlist on Sporcle, you need to verify the email address you used during registration. Go to your Sporcle Settings to finish the process.